000
00344nam a2200145Ia 4500
005
20250529022725.0
008
240331s9999 xx 000 0 und d
082
_a
303.6
_b
PER
100
_a
Perera, W.E.
245
0
_a
Thrasthavadaya
260
_a
Gampaha
_b
Sarasavi Printing Press
_c
1986
300
_a
84 p .,
650
_a
Terriosm
942
_c
L
999
_c
1285
_d
1285